Statistics for The Needle Drop - NOT GOOD

Click here to take the quiz!

General Stats

  • This quiz has been taken 23 times
    (21 since last reset)
  • The average score is 22 of 40

Answer Stats

AlbumArtist% Correct
Total XanarchyLil Xan
95%
SupermarketLogic
76%
Angelic 2 The CoreCorey Feldman
71%
Father of AsahdDJ Khaled
71%
OriginsImagine Dragons
71%
Tickets to My DownfallMachine Gun Kelly
71%
Good Intentions (& Brown Boy 2 Mixtape)Nav
71%
Bad HabitsNav
71%
RecklessNav
71%
Emergency TsunamiNav
71%
Savage Mode21 Savage and Metro Boomin
67%
NeotheaterAJR
67%
HndrxxFuture
67%
Nostalgia Critic's The WallDoug Walker
62%
No. 6 Collaborations ProjectEd Sheeran
62%
Memories...Do Not OpenThe Chainsmokers
62%
Bad Vibes ForeverXXXTentacion
62%
ADHDJoyner Lucas
57%
ChangesJustin Bieber
57%
My TurnLil Baby
57%
Drip HarderLil Baby & Gunna
57%
Come Over When You're Sober Pt. 1Lil Peep
57%
StoneyPost Malone
57%
I'm BrainBrain (Lil Dicky)
52%
Danzig Sings ElvisDanzig
52%
We Beefin? (EP)Wendy's
52%
CaliforniaBlink-182
48%
ManiaFall Out Boy
48%
DreamlandGlass Animals
48%
When Legends RiseGodsmack
48%
!Trippie Redd
43%
Everything's Strange HereG-Eazy
38%
Anthem of the Peaceful ArmyGreta Van Fleet
38%
One More LightLinkin Park
38%
The Violent Sleep of ReasonMeshuggah
33%
UnleashedSkillet
33%
New EnglishDesiigner
29%
MCIDHighly Suspect
29%
Showtime (EP)Trisha Paytas
29%
Lady WoodTove Lo
24%

Score Distribution

Percentile by Number Answered

Percent of People with Each Score

Your Score History

You have not taken this quiz since the last reset